Prime contracting: the cultural dimension (Record no. 62435)

MARC details
000 -LEADER
fixed length control field 00837cam a2200205 4500
001 - CONTROL NUMBER
control field ABS61758
008 - FIXED-LENGTH DATA ELEMENTS--GENERAL INFORMATION
fixed length control field 000000n1999 000 0 eng u
035 ## - SYSTEM CONTROL NUMBER
System control number (Sirsi) u104031
100 ## - MAIN ENTRY--PERSONAL NAME
Personal name Stockdale, D.
245 ## - TITLE STATEMENT
Title Prime contracting: the cultural dimension
260 ## - PUBLICATION, DISTRIBUTION, ETC.
Date of publication, distribution, etc. 1999
490 ## - SERIES STATEMENT
Series statement Construction Information Quarterly
Volume/sequential designation 1(4) December 1999, 7-17(11)
520 ## - SUMMARY, ETC.
Summary, etc. Highlights the importance of the 'cultural dimension' when considering using prime contracting as a procurement method. Warns that the biggest barrier to successful implementation is 'soft' management issues such as staff, skills and corporate style.
590 ## - LOCAL NOTE (RLIN)
Local note ABS
650 ## - SUBJECT ADDED ENTRY--TOPICAL TERM
Topical term or geographic name entry element PRIME CONTRACTING
650 ## - SUBJECT ADDED ENTRY--TOPICAL TERM
Topical term or geographic name entry element PROCUREMENT METHODS
650 ## - SUBJECT ADDED ENTRY--TOPICAL TERM
Topical term or geographic name entry element CORPORATE CULTURE
690 ## - LOCAL SUBJECT ADDED ENTRY--TOPICAL TERM (OCLC, RLIN)
Topical term or geographic name as entry element BUILDING AND CONSTRUCTION-PROCUREMENT, PARTNERING, TENDERING
942 ## - ADDED ENTRY ELEMENTS (KOHA)
Suppress in OPAC 0
Holdings
Withdrawn status Lost status Source of classification or shelving scheme Damaged status Not for loan Home library Current library Shelving location Date acquired Total Checkouts Full call number Barcode Date last seen Copy number Price effective from Koha item type
    Dewey Decimal Classification     London London Journal article 04/02/2000   ABS61758 104031-1001 06/08/2019 1 06/08/2019 Journal article